00955nam a22002057i 4500003000900000008004100009020002200050040007100072082002200143100002600165245007500191260005300266300003200319500002200351505026100373650002900634650002100663650003000684650003500714AR-CdUCM250901b20192019 pe||||| |||| 00| 0 spa d a978-612-46447-6-4 aMUNICIPALIDAD PROVINCIAL DEL CUSCOcBIBLIOTECA MUNICIPAL DEL CUSCO a378.85 / M63bM63 aMiranda Villena, Ruth aLa Defensoría Universitaria y la Calidad de la Universidad Peruana / aCusco :bEditores de Jorge Loayza Gonzalesc2019 a108 páginas. :c23x15 cm. zPáginas 107-108 aAntecedentes de la defensoría universitaria -- Articulación de la defensoría -- El principio de autonomía -- Principio de colaboración -- Estructura orgánica de la universidad -- Atribuciones y funciones -- Elección de defensor universitario  aDefensoria universitaria aNaturaleza legal aPrincipio de autonomía  aActuaciones de la defensoría